• 首页
  • 本馆介绍
  • 公告通知
  • 最新文献
  • 馆藏检索
  • 电子资源
  • 读者导购
  • 参考咨询
  • 我的图书馆
  • 登录
  • 详细信息显示
  • 放入我的书架
  • 预约/预借图书
  • 作者相关作品
  • 分类相关作品
  • 丛书相关作品
  • 出版社相关作品

书目信息

  • 表格格式
  • 工作单格式
  • 卡片格式
题名:
电工基础
    
 
作者: 梁寿永 主编
分册:  
出版信息: 天津   天津科学技术出版社  1991.4
页数: 269页
开本: 26cm
丛书名:
单 册:
中图分类: TM1 , TM131
科图分类:
主题词: 电工学--技工学校--教材
电子资源:
ISBN: 7-5308-0080-9
000 00826nam0 2200277 45
001 0192007191
005 20040701154755.7
010    @a7-5308-0080-9@dCNY7.60
020    @aCN@b92007191
100    @a19920730d1991 em y0chiy0121 ea
101 0  @achi
102    @aCN@b120000
105    @ay z 000yy
106    @ar
200 10 @a电工基础@Adian gong ji chu@f梁寿永主编@Fliang shou yong zhu bian
210    @a天津@c天津科学技术出版社@d1991.4
215    @a269页@d26cm
300    @a技工学校电子类通用教材
330    @a本书介绍了直流电路的基本概念、基本定律、分析方法,电容器的基本特征等有关电的基本知识。
540 1  @a电工@Adian gong
606    @a电工学@x技工学校@x教材
690    @aTM1@v3
690    @aTM131
701  0 @a梁寿永@Aliang shou yong@4主编
801  0 @aCN@bNLC@c19920730
905    @f1@b161683@dTM131@e6
    
    电工基础/梁寿永主编.-天津:天津科学技术出版社,1991.4
    269页;26cm
    技工学校电子类通用教材
    
    ISBN 7-5308-0080-9:CNY7.60
    本书介绍了直流电路的基本概念、基本定律、分析方法,电容器的基本特征等有关电的基本知识。
●
相关链接 在E读中查询图书 在五车中查询图书 在当当中查询图书 在豆瓣中查询图书


正题名:电工基础     索取号:TM131/6         预约/预借

序号 登录号 条形码 馆藏地/架位号 状态 备注
1 0161683   001943080   第三借阅区/ [索取号:TM131/6] 在馆    
唐山师范学院图书馆 欢迎您!
大连网信软件有限公司© 版权所有